Sports Quiz

Random Sports or College Quiz

Colleges Producing (Just) One NFL Hall of Famer Quiz Stats

 Plays Quiz not verified by Sporcle

Support Sporcle.
Go Orange.
Score 0/30 Timer 05:00
0 Plays Today
College NFL HOFer % Correct
BYUSteve Young
87.2%
North Carolina Lawrence Taylor
82.1%
Navy Roger Staubach
79.5%
Virginia Tech Bruce Smith
66.7%
LouisvilleJohnny Unitas
64.1%
Baylor Mike Singletary
59%
Villanova Howie Long
59%
St. Mary's John Henry Johnson
46.2%
Florida State Fred Biletnikoff
38.5%
North Texas (State)Joe Greene
38.5%
Kent StateJack Lambert
35.9%
Nevada Marion Motley
33.3%
Columbia Sid Luckman
30.8%
Bethune-Cookman Larry Little
30.8%
Utah StateMerlin Olsen
28.2%
College NFL HOFer % Correct
Texas A&M Yale Lary
25.6%
Southern Mel Blount
23.1%
Prairie View A&MKen Houston
23.1%
Fort Valley State Rayfield Wright
23.1%
Alabama A&M John Stallworth
23.1%
Utah Larry Wilson
20.5%
UTEP (Texas Western)Don Maynard
20.5%
Maryland-Eastern Shore Art Shell
20.5%
Florida A&MBob Hayes
17.9%
Kentucky George Blanda
17.9%
Hardin-SimmonsClyde (Bulldog) Turner
12.8%
Northwest Louisiana Jackie Smith
12.8%
California Poly SLOJohn Madden
10.3%
Montana StateJan Stenerud
10.3%
Arnold CollegeAndy Robustelli
7.7%

You're not logged in!

Compare scores with friends on all Sporcle quizzes.
OR
Log In

From the Vault

Disney After Dark

by Hejman

Even Disney movies can be a little risqué.
Remove Ads.
Support Sporcle.
Get the best of Sporcle when you Go Orange. This ad-free experience offers more features, more stats, and more fun while also helping to support Sporcle. Thank you for becoming a member.

Show Comments

Extras

Top Quizzes Today


Score Distribution

Your Account Isn't Verified!

In order to create a playlist on Sporcle, you need to verify the email address you used during registration. Go to your Sporcle Settings to finish the process.

Report this User

Report this user for behavior that violates our Community Guidelines.

Details: